[Event "C.to Italiano Semifinale"]
[Site "Civitanova Marche ITA"]
[Date "2012.07.21"]
[Round "8"]
[White "Bonafede, Alessandro"]
[Black "Costantini, Roberto"]
[WhiteElo "2351"]
[BlackElo "2289"]
[Result "1-0"]
[PlyCount "33"]
[EventDate "2012.07.15"]

1. e4 Nc6 2. Nc3 e5 3. f4 exf4 4. Nf3 g5 5. h4 g4 6. Ng5 Nf6 7. Bc4 Ne5 8. Bb3
h6 9. d4 hxg5 10. dxe5 Nh5 11. hxg5 Qxg5 12. Qd5 Rh7 13. e6 f6 14. exd7+ Bxd7
15. Qxb7 Rd8 16. Nd5 c6 17. Bxf4 1-0

[Event "C.to Italiano Semifinale"]
[Site "Civitanova Marche ITA"]
[Date "2012.07.21"]
[Round "8"]
[White "Bonfa', Ileano"]
[Black "De Filomeno, Simone"]
[WhiteElo "2235"]
[BlackElo "2338"]
[Result "0-1"]
[PlyCount "66"]
[EventDate "2012.07.15"]

1. c4 e6 2. Nf3 d5 3. b3 d4 4. g3 c5 5. Bg2 Nc6 6. d3 e5 7. O-O h6 8. a3 a5 9.
e3 Nf6 10. exd4 exd4 11. Re1+ Be7 12. Ne5 Nxe5 13. Rxe5 O-O 14. Nd2 Qc7 15. Nf3
Bd6 16. Re1 Bf5 17. Nh4 Bh7 18. Ra2 Rfe8 19. Rxe8+ Rxe8 20. Re2 Rxe2 21. Qxe2
Qb6 22. Qd1 Qa6 23. Nf3 b5 24. Ne1 Bf5 25. h3 Bd7 26. Qf3 Bc7 27. Bf4 Bxf4 28.
Qxf4 a4 29. cxb5 Bxb5 30. bxa4 Bxd3 31. Qc7 Bg6 32. Qxc5 Qxa4 33. Bf1 Qd1 0-1

[Event "C.to Italiano Semifinale"]
[Site "Civitanova Marche ITA"]
[Date "2012.07.21"]
[Round "8"]
[White "Caprio, Guido"]
[Black "Bentivegna, Francesco"]
[WhiteElo "2430"]
[BlackElo "2299"]
[Result "1-0"]
[PlyCount "67"]
[EventDate "2012.07.15"]

1. d4 d5 2. Nf3 Bf5 3. c4 e6 4. Nc3 Nc6 5. cxd5 exd5 6. Bf4 Nf6 7. e3 a6 8. Bd3
Bxd3 9. Qxd3 Be7 10. O-O O-O 11. Rac1 Nb4 12. Qd1 a5 13. a3 Na6 14. Qb3 Rb8 15.
Be5 Bd6 16. Bxf6 gxf6 17. Qxd5 c6 18. Qf5 Nc7 19. Qxa5 Qe7 20. Qf5 Rbe8 21. g3
Kh8 22. Nd2 Rg8 23. Nde4 Rg6 24. Nxd6 Qxd6 25. Ne4 Qe7 26. Nc5 Ne6 27. Nxe6
fxe6 28. Qe4 Reg8 29. b4 Rg4 30. Qf3 e5 31. dxe5 fxe5 32. Rfd1 R4g7 33. Rd2 Qh4
34. Rcd1 1-0

[Event "C.to Italiano Semifinale"]
[Site "Civitanova Marche ITA"]
[Date "2012.07.21"]
[Round "8"]
[White "Cocchi, Andrea"]
[Black "Sbarra, Marco"]
[WhiteElo "2319"]
[BlackElo "2271"]
[Result "1/2-1/2"]
[PlyCount "61"]
[EventDate "2012.07.15"]

1. Nf3 d5 2. b3 Nf6 3. Bb2 e6 4. e3 Be7 5. c4 O-O 6. Be2 c5 7. O-O Nc6 8. cxd5
Nxd5 9. Nc3 Nxc3 10. Bxc3 b6 11. Qc2 Bf6 12. Bxf6 Qxf6 13. d4 Nb4 14. Qe4 Nd5
15. dxc5 Bb7 16. Bd3 g6 17. Rac1 Rfc8 18. cxb6 axb6 19. a4 Rxc1 20. Rxc1 Qb2
21. Rb1 Qa2 22. Qd4 Ba6 23. Rc1 Qa3 24. Rb1 Qa2 25. Ne5 Bxd3 26. Qxd3 Rc8 27.
Nc4 Nc3 28. Rb2 Qa1+ 29. Qf1 Qxf1+ 30. Kxf1 Nxa4 31. bxa4 1/2-1/2

[Event "C.to Italiano Semifinale"]
[Site "Civitanova Marche ITA"]
[Date "2012.07.21"]
[Round "8"]
[White "Cocuzzi, Edoardo"]
[Black "De Nisi, Roberta"]
[WhiteElo "1993"]
[BlackElo "1975"]
[Result "0-1"]
[PlyCount "92"]
[EventDate "2012.07.15"]

1. e4 e6 2. d4 d5 3. exd5 exd5 4. Bd3 Nc6 5. c3 Bd6 6. h3 Be6 7. Nf3 Qd7 8. Bb5
f6 9. Qa4 Nge7 10. Be3 O-O 11. Nbd2 a6 12. Bxc6 Nxc6 13. b4 b5 14. Qd1 a5 15.
a3 axb4 16. axb4 Ne7 17. Nb3 Qc6 18. Nc5 Bf7 19. O-O Rxa1 20. Qxa1 Ra8 21. Qb2
Ra7 22. Ra1 Qa8 23. Rxa7 Qxa7 24. Nd2 Nf5 25. Ndb3 c6 26. Qa1 Qxa1+ 27. Nxa1
Nxe3 28. fxe3 Bg3 29. Kf1 Bg6 30. Nab3 Be8 31. Na5 Kf7 32. e4 Ke7 33. Ke2 Kd6
34. exd5 Kxd5 35. Nd3 Bh5+ 36. Ke3 g5 37. Nc5 f5 38. Nd7 Bg6 39. Nf8 f4+ 40.
Ke2 Bf5 41. Nb7 h5 42. Nc5 Kd6 43. Nd3 Ke7 44. Ne5 Kxf8 45. Nxc6 Be4 46. Nd8
Ke7 0-1

[Event "C.to Italiano Semifinale"]
[Site "Civitanova Marche ITA"]
[Date "2012.07.21"]
[Round "8"]
[White "Collutiis, Duilio"]
[Black "Piscopo, Pierluigi"]
[WhiteElo "2508"]
[BlackElo "2360"]
[Result "1/2-1/2"]
[PlyCount "31"]
[EventDate "2012.07.15"]

1. c4 e5 2. g3 Nc6 3. Nc3 Bc5 4. Bg2 Nf6 5. a3 d6 6. d3 a6 7. Nf3 h6 8. O-O O-O
9. b4 Ba7 10. Bb2 Nd4 11. e3 Nxf3+ 12. Bxf3 c6 13. Bg2 Be6 14. Rc1 Qd7 15. Qe2
Bh3 16. Ne4 1/2-1/2

[Event "C.to Italiano Semifinale"]
[Site "Civitanova Marche ITA"]
[Date "2012.07.21"]
[Round "8"]
[White "Dappiano, Andrea"]
[Black "Borgiani, Flavio"]
[WhiteElo "2180"]
[BlackElo "2148"]
[Result "1-0"]
[PlyCount "83"]
[EventDate "2012.07.15"]

1. c4 e6 2. Nf3 c5 3. Nc3 Nf6 4. e4 Nc6 5. d4 cxd4 6. Nxd4 Qc7 7. Bg5 Nxd4 8.
Qxd4 Bc5 9. Qd2 a6 10. Be2 h6 11. Bh4 Bb4 12. Bxf6 gxf6 13. a3 Be7 14. Rc1 b6
15. Qd4 Qf4 16. O-O Bc5 17. Qd3 Bxf2+ 18. Kh1 Qe3 19. Qd6 Qg5 20. b4 Be3 21.
Rcd1 Rg8 22. g3 h5 23. Rf3 h4 24. Qd3 Bc1 25. Na4 f5 26. Nxb6 fxe4 27. Qxe4 d5
28. Nxd5 f5 29. Nc7+ Kf7 30. Qxa8 Qe7 31. Qc6 hxg3 32. Rxg3 Bf4 33. Rxg8 Kxg8
34. Qe8+ Qxe8 35. Nxe8 Bb7+ 36. Kg1 Be3+ 37. Kf1 f4 38. Nd6 Bc6 39. Bg4 f3 40.
Bxe6+ Kh7 41. Bd5 Ba4 42. Rd3 1-0

[Event "C.to Italiano Semifinale"]
[Site "Civitanova Marche ITA"]
[Date "2012.07.21"]
[Round "8"]
[White "Di Trapani, Davide"]
[Black "Innocenti, Giovanni"]
[WhiteElo "2072"]
[BlackElo "2021"]
[Result "0-1"]
[PlyCount "78"]
[EventDate "2012.07.15"]

1. e4 e5 2. Nf3 Nc6 3. Bb5 a6 4. Ba4 Nf6 5. O-O Nxe4 6. d4 b5 7. Bb3 d5 8. dxe5
Be6 9. Nbd2 Nc5 10. c3 Bg4 11. Re1 Nd3 12. Re3 Nxc1 13. Rxc1 Bc5 14. Rd3 Ne7
15. c4 Bf5 16. Rxd5 Nxd5 17. cxd5 Qe7 18. Nf1 O-O 19. Ng3 Bg6 20. h4 h6 21. h5
Bh7 22. Qe2 Bb6 23. Rc6 Ba5 24. Ne4 Qb4 25. Bc2 Rfe8 26. a3 Qe7 27. b4 Bb6 28.
Qd2 a5 29. Qf4 Kh8 30. Rxh6 gxh6 31. Nf6 Qf8 32. Bxh7 Qg7 33. Bd3 Red8 34. Nh4
axb4 35. axb4 Ra1+ 36. Kh2 Rd1 37. Bc2 Rd4 38. Ne4 R4xd5 39. Nf5 Qxe5 0-1

[Event "C.to Italiano Semifinale"]
[Site "Civitanova Marche ITA"]
[Date "2012.07.21"]
[Round "8"]
[White "Dobboletta, Alex"]
[Black "Lapenna, Antonio"]
[WhiteElo "2002"]
[BlackElo "2207"]
[Result "0-1"]
[PlyCount "64"]
[EventDate "2012.07.15"]

1. e4 c5 2. Nf3 e6 3. d4 cxd4 4. Nxd4 a6 5. Nc3 b5 6. Be3 Bb7 7. f3 Nf6 8. Qd2
d5 9. exd5 Nxd5 10. Nxd5 Bxd5 11. O-O-O Nd7 12. f4 Bc5 13. f5 O-O 14. fxe6 fxe6
15. Nf3 Be7 16. Be2 Nf6 17. Ng5 Bxa2 18. Qxd8 Raxd8 19. Bf3 h6 20. Nh3 Bd5 21.
Nf4 Bxf3 22. gxf3 Nd5 23. Nxd5 Rxd5 24. Rxd5 exd5 25. f4 Bd6 26. Rd1 Rf5 27.
Rd2 Rxf4 28. Rxd5 Rf1+ 29. Kd2 Bxh2 30. Rd8+ Rf8 31. Rd7 Bf4 32. Ra7 Rd8+ 0-1

[Event "C.to Italiano Semifinale"]
[Site "Civitanova Marche ITA"]
[Date "2012.07.21"]
[Round "8"]
[White "Formento, Paolo"]
[Black "Xia, Jie"]
[WhiteElo "2155"]
[BlackElo "2301"]
[Result "1-0"]
[PlyCount "153"]
[EventDate "2012.07.15"]

1. e4 g6 2. d4 Bg7 3. Nf3 d5 4. e5 Nh6 5. Bf4 f6 6. Bd3 O-O 7. exf6 exf6 8. O-O
Nc6 9. Qd2 g5 10. Be3 Bf5 11. c4 Ne7 12. Nc3 Qd7 13. Rac1 c6 14. cxd5 Nxd5 15.
Nxd5 cxd5 16. Rc5 Bxd3 17. Qxd3 b6 18. Qb5 Rad8 19. Qxd7 Rxd7 20. Rc6 Re8 21.
Rfc1 Nf5 22. Rc7 Ree7 23. Rxd7 Rxd7 24. g4 Nd6 25. h4 h6 26. hxg5 fxg5 27. Nd2
Re7 28. Kg2 Nb5 29. Nb3 Re4 30. Kg3 a5 31. Nd2 Re6 32. Nf3 Nd6 33. Nd2 Bf8 34.
Kg2 Nb5 35. a4 Na7 36. Rc7 Nc6 37. Rd7 Nb4 38. Nf3 Bg7 39. Bd2 Nd3 40. b3 Re4
41. Kg3 Nf4 42. Bxf4 gxf4+ 43. Kg2 Bxd4 44. Rxd5 Bc5 45. Re5 Rb4 46. Nd2 Rd4
47. Ne4 Bb4 48. Nf6+ Kg7 49. Rd5 Bc3 50. Nh5+ Kf7 51. Rxd4 Bxd4 52. Nxf4 Ke7
53. Ne2 Bh8 54. Kf3 Kd6 55. Ke4 Kc5 56. Kd3 Kb4 57. Kc2 Kc5 58. f4 Kd5 59. Kd3
Bb2 60. Kc2 Bg7 61. Ng3 Bf8 62. Kd3 Bd6 63. Ke3 Bc5+ 64. Kd3 Bd6 65. Ne2 Bc5
66. Nc3+ Ke6 67. Ke4 Be7 68. Nd5 Bc5 69. Nc3 Bg1 70. Ne2 Bf2 71. Nd4+ Kd6 72.
Nf5+ Kc5 73. Nxh6 Kb4 74. g5 Be1 75. g6 Bc3 76. Nf5 Kxb3 77. Nd4+ 1-0

[Event "C.to Italiano Semifinale"]
[Site "Civitanova Marche ITA"]
[Date "2012.07.21"]
[Round "8"]
[White "Franchini, Gabriele"]
[Black "Rambaldi, Francesco"]
[WhiteElo "2149"]
[BlackElo "2257"]
[Result "0-1"]
[PlyCount "104"]
[EventDate "2012.07.15"]

1. e4 c5 2. Nf3 e6 3. c3 Nf6 4. e5 Nd5 5. g3 Nc6 6. Bg2 d6 7. exd6 Qxd6 8. O-O
Be7 9. d4 O-O 10. Na3 a6 11. Nc4 Qc7 12. Qe2 cxd4 13. cxd4 Bf6 14. Rd1 b5 15.
Ne3 Nxe3 16. Bxe3 Bb7 17. Rac1 Qe7 18. Ne5 Nb4 19. Ng4 Bxg2 20. Nxf6+ Qxf6 21.
Kxg2 Nxa2 22. Rc5 Nb4 23. Ra1 Nd5 24. Rc6 Qe7 25. Kg1 Qb7 26. Rc5 Rac8 27. h4
Rc6 28. Qd2 Rfc8 29. b4 Nf6 30. Rac1 Ne4 31. Rxc6 Rxc6 32. Qa2 Rxc1+ 33. Bxc1
Qc6 34. Be3 h5 35. Kh2 g6 36. Qa5 Qd6 37. Kg2 Nc3 38. Qa3 Nd5 39. Bd2 Kg7 40.
Kh2 Nf6 41. Be3 Ng4+ 42. Kg2 Qc6+ 43. Kg1 Kh7 44. d5 Qxd5 45. Qxa6 Qd1+ 46. Kg2
Nxe3+ 47. fxe3 Qd2+ 48. Kf3 Qxb4 49. Qa7 Kg7 50. Qb8 Qc5 51. e4 e5 52. g4 Qc3+
0-1

[Event "C.to Italiano Semifinale"]
[Site "Civitanova Marche ITA"]
[Date "2012.07.21"]
[Round "8"]
[White "Gilevych, Artem"]
[Black "Contin, Daniel"]
[WhiteElo "2303"]
[BlackElo "2346"]
[Result "0-1"]
[PlyCount "94"]
[EventDate "2012.07.15"]

1. d4 Nf6 2. Nf3 e6 3. e3 b6 4. Bd3 Bb7 5. O-O c5 6. b3 Nc6 7. a3 g6 8. Bb2 Bg7
9. Nbd2 O-O 10. Re1 Qc7 11. c3 d5 12. dxc5 bxc5 13. c4 Rad8 14. cxd5 exd5 15.
Qc2 d4 16. e4 Nd7 17. Rac1 Bh6 18. Rb1 Nce5 19. Bb5 a6 20. Bxd7 Rxd7 21. Nxe5
Qxe5 22. Nc4 Qc7 23. Qd3 Re8 24. Bc1 Bg7 25. Bg5 h6 26. Bh4 Be5 27. Nxe5 Qxe5
28. Bg3 Bxe4 29. Qd2 Qg5 30. Qxg5 hxg5 31. f3 Bxb1 32. Rxe8+ Kg7 33. Be1 Ba2
34. Rc8 Rd5 35. Rb8 Re5 36. Kf2 Bb1 37. Bd2 Bd3 38. Kg3 Bf1 39. Rb6 f6 40. Kf2
Bd3 41. Kg3 Re2 42. Rb7+ Kh6 43. Ba5 f5 44. Bd8 f4+ 45. Kh3 Bf5+ 46. g4 Bd3 47.
Rc7 Rc2 0-1

[Event "C.to Italiano Semifinale"]
[Site "Civitanova Marche ITA"]
[Date "2012.07.21"]
[Round "8"]
[White "Lantini, Marco"]
[Black "Fagnani, Alessandro"]
[WhiteElo "2153"]
[BlackElo "1981"]
[Result "1-0"]
[PlyCount "59"]
[EventDate "2012.07.15"]

1. d4 d5 2. c4 e6 3. Nf3 Nf6 4. g3 c6 5. Nbd2 Nbd7 6. Qc2 Be7 7. Bg2 O-O 8. O-O
Qc7 9. e4 dxe4 10. Nxe4 c5 11. Bf4 Qb6 12. dxc5 Nxc5 13. Nxf6+ Bxf6 14. Ng5 g6
15. Be3 Qb4 16. Qe2 Na4 17. b3 Bxa1 18. Rxa1 Nc5 19. Bd4 f6 20. Qe3 Na6 21.
Nxe6 Re8 22. Bd5 Bxe6 23. Bxe6+ Kg7 24. f4 Qe7 25. f5 b6 26. g4 Kf8 27. g5 fxg5
28. Qe5 Qf7 29. Rf1 gxf5 30. Qd6+ 1-0

[Event "C.to Italiano Semifinale"]
[Site "Civitanova Marche ITA"]
[Date "2012.07.21"]
[Round "8"]
[White "Parrella, Alfredo"]
[Black "Lattanzio, Savino"]
[WhiteElo "2101"]
[BlackElo "2089"]
[Result "1/2-1/2"]
[PlyCount "80"]
[EventDate "2012.07.15"]

1. c4 Nf6 2. d4 e6 3. Nc3 d5 4. cxd5 exd5 5. Bg5 Be7 6. Qc2 c6 7. e3 Nbd7 8.
Bd3 O-O 9. Nge2 Re8 10. O-O Nf8 11. f3 h6 12. Bh4 Ne6 13. Bf2 c5 14. dxc5 Bxc5
15. Na4 Bd6 16. a3 Bd7 17. b4 b5 18. Nac3 Qb8 19. Kh1 a5 20. Qb3 axb4 21. axb4
Qb7 22. Bg3 Bxg3 23. Nxg3 Rxa1 24. Rxa1 Ng5 25. h4 Ngh7 26. e4 Qb8 27. Nce2
dxe4 28. Nxe4 Nxe4 29. Bxe4 Nf6 30. Ra8 Qb6 31. Rxe8+ Bxe8 32. Ng3 Qf2 33. Kh2
Nh5 34. Nf5 Nf4 35. Qc2 Qxc2 36. Bxc2 Nd5 37. Nd6 Nxb4 38. Bd1 Bc6 39. Be2 Kf8
40. Bxb5 Bd5 1/2-1/2

[Event "C.to Italiano Semifinale"]
[Site "Civitanova Marche ITA"]
[Date "2012.07.21"]
[Round "8"]
[White "Pipitone, Antonio"]
[Black "Mortola, Alberto"]
[WhiteElo "1942"]
[BlackElo "1989"]
[Result "0-1"]
[PlyCount "59"]
[EventDate "2012.07.15"]

1. e4 e5 2. Nf3 Nf6 3. Nxe5 d6 4. Nf3 Nxe4 5. d4 d5 6. Bd3 Be7 7. O-O Nc6 8.
Re1 Bg4 9. c4 Nf6 10. Be3 O-O 11. Nbd2 Nb4 12. Bb1 dxc4 13. Nxc4 Nbd5 14. h3
Bh5 15. a3 Nxe3 16. Rxe3 Bg6 17. Bxg6 hxg6 18. Qd2 Nd5 19. Re2 Bf6 20. Rae1 c6
21. g3 Qd7 22. Kg2 Rfe8 23. Nce5 Qc7 24. b4 Rad8 25. Qc1 Re6 26. h4 Rde8 27.
Qd2 Qd8 28. Ng5 Bxg5 29. hxg5 Ne7 30. Rh1 0-1

[Event "C.to Italiano Semifinale"]
[Site "Civitanova Marche ITA"]
[Date "2012.07.21"]
[Round "8"]
[White "Rombaldoni, Axel"]
[Black "Genocchio, Daniele"]
[WhiteElo "2479"]
[BlackElo "2431"]
[Result "1/2-1/2"]
[PlyCount "22"]
[EventDate "2012.07.15"]

1. e4 Nc6 2. Nf3 e5 3. Bb5 Nge7 4. O-O g6 5. d4 exd4 6. Nxd4 Bg7 7. Be3 O-O 8.
Nc3 d6 9. Qd2 Kh8 10. Rfe1 Ne5 11. Be2 d5 1/2-1/2

[Event "C.to Italiano Semifinale"]
[Site "Civitanova Marche ITA"]
[Date "2012.07.21"]
[Round "8"]
[White "Scalcione, Michelangelo"]
[Black "Bellini, Fabio"]
[WhiteElo "2346"]
[BlackElo "2506"]
[Result "0-1"]
[PlyCount "100"]
[EventDate "2012.07.15"]

1. Nf3 d5 2. d4 Nf6 3. c4 e6 4. Nc3 Bb4 5. Bg5 h6 6. Bxf6 Qxf6 7. e3 O-O 8. Rc1
c6 9. a3 Ba5 10. Bd3 Nd7 11. b4 dxc4 12. Bxc4 Bc7 13. Bd3 Qe7 14. O-O e5 15. d5
Nf6 16. dxc6 Rd8 17. e4 bxc6 18. Qc2 Bg4 19. Ba6 Bxf3 20. gxf3 Nh5 21. Ne2 Qg5+
22. Kh1 Rd6 23. Rcd1 Rad8 24. Rxd6 Rxd6 25. Rd1 Rxd1+ 26. Qxd1 Bb6 27. Qd7 Nf4
28. Nxf4 Qxf4 29. Kg2 g6 30. Bc4 Kg7 31. h4 h5 32. Bb3 Qf6 33. Bc4 Kf8 34. Bb3
Qe7 35. Qxc6 Qxh4 36. Qc2 Qg5+ 37. Kh3 Qg1 38. Qd1 Qxf2 39. Qd6+ Kg7 40. Qxe5+
Kh7 41. Qg3 Qf1+ 42. Kh2 Qe2+ 43. Kh3 Qd3 44. Bd5 Be3 45. a4 Qf1+ 46. Qg2 Qe1
47. e5 g5 48. Qc2+ Kg7 49. Qd3 Qh1+ 50. Kg3 Qg1+ 0-1

[Event "C.to Italiano Semifinale"]
[Site "Civitanova Marche ITA"]
[Date "2012.07.21"]
[Round "8"]
[White "Spornberger, Maximilian"]
[Black "Rettore, Ludwig"]
[WhiteElo "2226"]
[BlackElo "2119"]
[Result "1-0"]
[PlyCount "85"]
[EventDate "2012.07.15"]

1. e4 c5 2. c3 Nf6 3. e5 Nd5 4. d4 e6 5. Nf3 cxd4 6. cxd4 d6 7. Bc4 Nb6 8. Bd3
dxe5 9. dxe5 Be7 10. O-O Bd7 11. Qe2 Bc6 12. Nc3 Bxf3 13. Qxf3 Nc6 14. Bf4 Nd7
15. Rfd1 Qa5 16. Bb5 Rc8 17. Qh5 Nf8 18. Rd3 Ng6 19. Bg3 a6 20. Bxc6+ Rxc6 21.
Rad1 O-O 22. Rd7 b5 23. h4 Rc4 24. R1d4 Rxd4 25. Rxd4 Rd8 26. Qg4 Rxd4 27. Qxd4
Qd8 28. Qxd8+ Bxd8 29. h5 Nf8 30. Ne4 Nd7 31. f4 Nb6 32. Nc5 Nc4 33. b3 Bb6 34.
Bf2 Bxc5 35. bxc4 Bxf2+ 36. Kxf2 bxc4 37. Ke3 Kf8 38. Kd4 Ke7 39. Kxc4 Kd7 40.
Kc5 Kc7 41. g3 h6 42. a3 f6 43. a4 1-0

[Event "C.to Italiano Semifinale"]
[Site "Civitanova Marche ITA"]
[Date "2012.07.21"]
[Round "8"]
[White "Stella, Luca"]
[Black "Paltrinieri, Nicholas"]
[WhiteElo "2134"]
[BlackElo "2172"]
[Result "1/2-1/2"]
[PlyCount "28"]
[EventDate "2012.07.15"]

1. d4 Nf6 2. c4 g6 3. Nc3 d5 4. cxd5 Nxd5 5. e4 Nxc3 6. bxc3 c5 7. Bc4 Bg7 8.
Ne2 O-O 9. O-O Nc6 10. Be3 Bg4 11. f3 Na5 12. Bxf7+ Rxf7 13. fxg4 Rxf1+ 14.
Kxf1 cxd4 1/2-1/2

[Event "C.to Italiano Semifinale"]
[Site "Civitanova Marche ITA"]
[Date "2012.07.21"]
[Round "8"]
[White "Vezzosi, Paolo"]
[Black "Sibilio, Mario"]
[WhiteElo "2293"]
[BlackElo "2352"]
[Result "1-0"]
[PlyCount "47"]
[EventDate "2012.07.15"]

1. e4 c6 2. d4 d5 3. Nc3 dxe4 4. Nxe4 Nf6 5. Nxf6+ exf6 6. c3 Bd6 7. Bd3 O-O 8.
Qc2 Re8+ 9. Ne2 Kh8 10. Be3 Qa5 11. O-O Nd7 12. Bf4 Bxf4 13. Nxf4 Nb6 14. Rfe1
Bd7 15. Qb3 Kg8 16. Re3 c5 17. Rg3 c4 18. Bxc4 Ba4 19. Bxf7+ Kf8 20. Ne6+ Ke7
21. Qa3+ Kxf7 22. Rxg7+ Kxe6 23. Re1+ Kf5 24. g4+ 1-0

[Event "C.to Italiano Semifinale"]
[Site "Civitanova Marche ITA"]
[Date "2012.07.22"]
[Round "9"]
[White "Andreoni, Giuseppe"]
[Black "Dobboletta, Alex"]
[WhiteElo "2119"]
[BlackElo "2002"]
[Result "1-0"]
[PlyCount "29"]
[EventDate "2012.07.15"]

1. e4 c5 2. Nf3 e6 3. d4 cxd4 4. Nxd4 Nf6 5. Nc3 d6 6. g4 h6 7. h4 Be7 8. Rg1
d5 9. Bb5+ Bd7 10. exd5 exd5 11. Qe2 O-O 12. g5 Re8 13. Be3 Bxb5 14. Qxb5 Ne4
15. Nxe4 1-0

[Event "C.to Italiano Semifinale"]
[Site "Civitanova Marche ITA"]
[Date "2012.07.22"]
[Round "9"]
[White "Astengo, Marcello"]
[Black "Villa, Giorgio"]
[WhiteElo "2033"]
[BlackElo "1949"]
[Result "1-0"]
[PlyCount "67"]
[EventDate "2012.07.15"]

1. d4 d5 2. c4 c6 3. Nc3 Nf6 4. e3 e6 5. Nf3 Nbd7 6. Bd3 dxc4 7. Bxc4 b5 8. Bd3
a6 9. O-O c5 10. Qe2 Bb7 11. Rd1 Qb6 12. a4 b4 13. a5 Qc7 14. Nb1 Be7 15. Nbd2
O-O 16. b3 cxd4 17. exd4 Nd5 18. Bb2 Nf4 19. Qf1 Nxd3 20. Qxd3 Rfc8 21. Nc4 Bd5
22. Rdc1 Qf4 23. Nb6 Nxb6 24. axb6 Bd6 25. Ne5 f6 26. g3 Qg5 27. Rxc8+ Rxc8 28.
Qxa6 Rf8 29. Nc4 Qh5 30. Nxd6 Qf3 31. Kf1 Ra8 32. b7 Rb8 33. Qa8 Rxa8 34. Rxa8#
1-0

[Event "C.to Italiano Semifinale"]
[Site "Civitanova Marche ITA"]
[Date "2012.07.22"]
[Round "9"]
[White "Bentivegna, Francesco"]
[Black "Spornberger, Maximilian"]
[WhiteElo "2299"]
[BlackElo "2226"]
[Result "1-0"]
[PlyCount "77"]
[EventDate "2012.07.15"]

1. e4 g6 2. d4 Bg7 3. Nc3 d6 4. f4 Nc6 5. Be3 Nf6 6. Nf3 O-O 7. Qd2 e6 8. O-O-O
Ne7 9. h3 b6 10. g4 Bb7 11. Bd3 c5 12. Qf2 c4 13. g5 cxd3 14. gxf6 dxc2 15.
Rdg1 Bxf6 16. h4 h5 17. f5 exf5 18. Bg5 Bxg5+ 19. Nxg5 fxe4 20. d5 Bxd5 21. Qd4
Bb7 22. Ncxe4 Bxe4 23. Nxe4 Nf5 24. Qd5 Kh8 25. Rg5 Ng7 26. Rhg1 Qe7 27. Qd4
Rg8 28. Nxd6 Rad8 29. Rd5 Kh7 30. Rf1 f5 31. Qd2 Qxh4 32. Nf7 Rgf8 33. Nxd8 Qc4
34. Re1 Qxa2 35. Kxc2 Rf6 36. Rd7 g5 37. Qd4 Kg8 38. Ree7 Ne6 39. Rxe6 1-0

[Event "C.to Italiano Semifinale"]
[Site "Civitanova Marche ITA"]
[Date "2012.07.22"]
[Round "9"]
[White "De Nisi, Roberta"]
[Black "Pipitone, Antonio"]
[WhiteElo "1975"]
[BlackElo "1942"]
[Result "0-1"]
[PlyCount "110"]
[EventDate "2012.07.15"]

1. d4 Nf6 2. c4 c5 3. d5 e6 4. Nc3 exd5 5. cxd5 d6 6. e4 g6 7. Bd3 Bg7 8. Nge2
O-O 9. O-O a6 10. h3 b5 11. a3 Re8 12. Ng3 Nbd7 13. f4 Bb7 14. Bc2 h5 15. Qf3
Rc8 16. Be3 b4 17. Nd1 h4 18. Ne2 b3 19. Bd3 c4 20. Bb1 Nc5 21. Ndc3 Qe7 22. e5
Nfd7 23. Bd4 dxe5 24. fxe5 Nxe5 25. Bxe5 Bxe5 26. Kh1 Rc7 27. Qg4 Nd3 28. Bxd3
cxd3 29. Nd4 Bg7 30. Nxb3 Bxc3 31. bxc3 Bxd5 32. Nd4 Qe4 33. Rf4 Qe5 34. Raf1
Rxc3 35. Nf5 Qh8 36. Nd6 Re7 37. Nf5 Re2 38. Nxh4 Rcc2 39. Qd7 Qe5 40. Rxf7
Bxg2+ 41. Kg1 Qe3+ 42. R1f2 Rc1+ 43. Kxg2 Qg5+ 44. Qg4 Qd5+ 45. R7f3 Rxf2+ 46.
Kxf2 Qa2+ 47. Ke3 Qe2+ 48. Kd4 Qb2+ 49. Kd5 Qb5+ 50. Ke6 Rc6+ 51. Ke7 Qe5+ 52.
Kd8 Rd6+ 53. Qd7 Rxd7+ 54. Kxd7 Qd5+ 55. Ke8 Qe4+ 0-1

[Event "C.to Italiano Semifinale"]
[Site "Civitanova Marche ITA"]
[Date "2012.07.22"]
[Round "9"]
[White "Fagnani, Alessandro"]
[Black "Di Trapani, Davide"]
[WhiteElo "1981"]
[BlackElo "2072"]
[Result "0-1"]
[PlyCount "86"]
[EventDate "2012.07.15"]

1. e4 e5 2. Nf3 Nc6 3. Bc4 Bc5 4. O-O Nf6 5. d4 exd4 6. e5 d5 7. exf6 dxc4 8.
fxg7 Rg8 9. Re1+ Be6 10. Ng5 Qd5 11. Nxe6 fxe6 12. Qg4 Kf7 13. Bh6 Qf5 14.
Qxf5+ exf5 15. Nd2 b5 16. Nf3 Rae8 17. Ng5+ Kg6 18. Ne6 Kxh6 19. Nxc5 Rxe1+ 20.
Rxe1 Rxg7 21. Re6+ Rg6 22. Rxg6+ Kxg6 23. Ne6 b4 24. Kf1 Kf6 25. Nxc7 Ke5 26.
Ke2 a5 27. b3 d3+ 28. Kd2 dxc2 29. bxc4 Kd4 30. Nb5+ Kc5 31. Kxc2 a4 32. f4
Nd4+ 33. Kd3 Nxb5 34. cxb5 Kxb5 35. h3 h5 36. Kd4 a3 37. Ke5 b3 38. axb3 a2 39.
Kxf5 a1=Q 40. Kg5 Qg7+ 41. Kxh5 Qxg2 42. h4 Qg7 43. f5 Kc5 0-1

[Event "C.to Italiano Semifinale"]
[Site "Civitanova Marche ITA"]
[Date "2012.07.22"]
[Round "9"]
[White "Fioravanti, Diego"]
[Black "Cocuzzi, Edoardo"]
[WhiteElo "2117"]
[BlackElo "1993"]
[Result "0-1"]
[PlyCount "114"]
[EventDate "2012.07.15"]

1. d4 d5 2. c4 e6 3. Nc3 Nf6 4. Bg5 c6 5. Nf3 Nbd7 6. cxd5 exd5 7. e3 Be7 8.
Qc2 h6 9. Bh4 O-O 10. Bd3 Re8 11. O-O Ne4 12. Bxe7 Qxe7 13. Nd2 Ndf6 14. Rae1
Bf5 15. f3 Nxd2 16. Qxd2 Bxd3 17. Qxd3 Qb4 18. Qc2 Re7 19. Qf2 Rae8 20. Re2 b6
21. a3 Qc4 22. Rc2 Rxe3 23. Nd1 Re2 24. Rxc4 Rxf2 25. Kxf2 dxc4 26. Nc3 b5 27.
Rd1 Nd5 28. Ne2 Ne3 29. Rd2 Nf5 30. g4 Ne7 31. b3 cxb3 32. Rb2 Nd5 33. Rxb3 a5
34. Nc1 a4 35. Rd3 Kf8 36. Na2 Ke7 37. Ke1 Kd6+ 38. Kd1 Ne3+ 39. Kc1 Nc4 40.
Nc3 Re3 41. Ne4+ Kc7 42. Rxe3 Nxe3 43. Nd2 Nc4 44. Nxc4 bxc4 45. Kc2 Kd6 46.
Kc3 Kd5 47. f4 g5 48. f5 f6 49. h3 c5 50. dxc5 Kxc5 51. Kd2 Kd4 52. Kc2 c3 53.
Kc1 Kd3 54. Kd1 c2+ 55. Kc1 Kc3 56. h4 gxh4 57. g5 h3 0-1

[Event "C.to Italiano Semifinale"]
[Site "Civitanova Marche ITA"]
[Date "2012.07.22"]
[Round "9"]
[White "Genocchio, Daniele"]
[Black "Bonafede, Alessandro"]
[WhiteElo "2431"]
[BlackElo "2351"]
[Result "1-0"]
[PlyCount "22"]
[EventDate "2012.07.15"]

1. d4 f5 2. Nf3 d6 3. c4 Nf6 4. g3 g6 5. b4 Bg7 6. Bb2 O-O 7. Bg2 e5 8. dxe5
Ng4 9. c5 Nxe5 10. cxd6 Qxd6 11. Nxe5 Bxe5 1-0

[Event "C.to Italiano Semifinale"]
[Site "Civitanova Marche ITA"]
[Date "2012.07.22"]
[Round "9"]
[White "Gilevych, Artem"]
[Black "Vezzosi, Paolo"]
[WhiteElo "2303"]
[BlackElo "2293"]
[Result "0-1"]
[PlyCount "112"]
[EventDate "2012.07.15"]

1. Nf3 Nf6 2. g3 d5 3. Bg2 c6 4. O-O Bg4 5. b3 Nbd7 6. Bb2 e6 7. c4 Be7 8. h3
Bxf3 9. exf3 O-O 10. f4 Qb6 11. Qc2 Rfd8 12. Nc3 Qa6 13. f5 dxc4 14. fxe6 fxe6
15. Rfe1 Nf8 16. Ne4 cxb3 17. Qxb3 Qb5 18. Qc3 Qd3 19. Qe5 Rd5 20. Qc7 Rd7 21.
Qe5 Re8 22. Rac1 Rd5 23. Qc7 Rd7 24. Qe5 Qb5 25. Qc3 a5 26. Rb1 Qb4 27. Qe5 Qa4
28. g4 Red8 29. g5 Ne8 30. Bf3 Rd5 31. Qf4 Qc2 32. Bg4 Rb5 33. Rec1 Qd3 34. a4
Rb4 35. f3 Bd6 36. Qe3 Qxe3+ 37. dxe3 Rxa4 38. Bc3 Bb4 39. Bd4 Rd5 40. Bc5 Nc7
41. f4 Nd7 42. Bd6 Bxd6 43. Nxd6 Rxd6 44. Rxb7 Ne8 45. Rxd7 Rxd7 46. Bxe6+ Rf7
47. Rxc6 Kf8 48. Bxf7 Kxf7 49. Kf2 Ra1 50. Ra6 a4 51. f5 a3 52. Ra7+ Kf8 53.
Kf3 a2 54. Ke4 Nd6+ 55. Ke5 Nxf5 56. Ke6 Nd4+ 0-1

[Event "C.to Italiano Semifinale"]
[Site "Civitanova Marche ITA"]
[Date "2012.07.22"]
[Round "9"]
[White "Lapenna, Antonio"]
[Black "Sbarra, Marco"]
[WhiteElo "2207"]
[BlackElo "2271"]
[Result "1/2-1/2"]
[PlyCount "23"]
[EventDate "2012.07.15"]

1. d4 Nf6 2. Nf3 d5 3. e3 c5 4. c3 Qc7 5. Nbd2 Nbd7 6. Be2 g6 7. O-O Bg7 8. b3
O-O 9. Bb2 e5 10. dxe5 Nxe5 11. c4 Nxf3+ 12. Nxf3 1/2-1/2